000 00479nam a22001577a 4500
008 150618b xxu||||| |||| 00| 0 eng d
020 _a9780199138760
050 _aQH 315 .P595 2011
100 _aPickering, Ron
245 _aComplete biology for cambridge IGCSE
_cRon Pickering
250 _a2nd ed.
260 _aNew York :
_bOxford University Press,
_cc2011
300 _a304 pages :
_bcolor illustrations., ;
_c27 cm.
500 _aIncludes index.
942 _2lcc
_cBK
999 _c288279
_d288279